[Event "Saint Affrique op 22nd"]
[Site "Saint Affrique"]
[Date "2014.07.24"]
[Round "7.60"]
[White "Combelle, Xavier"]
[Black "Galy, Christian"]
[Result "0-1"]
[WhiteElo "1270"]
[BlackElo "1314"]
[PlyCount "42"]
[EventDate "2014.07.19"]
[EventType "swiss"]
[EventRounds "9"]
[EventCountry "FRA"]
[SourceTitle "CBM 161 Extra"]
[Source "ChessBase"]
[SourceDate "2014.08.29"]
[SourceVersion "1"]
[SourceVersionDate "2014.08.29"]
[SourceQuality "1"]

1. e4 g6 2. d4 Bg7 3. Nf3 d6 4. Nc3 a6 5. Bc4 e6 6. Bf4 b5 7. Bb3 b4 8. Ne2 Bb7 9. Qd3 a5 10. Qb5+ Bc6 11. Qd3 a4 12. Bc4 Ne7 13. 0-0 Nd7 14. a3 Rb8 15. axb4 Rxb4 16. Bc1 Bxe4 17. Qxe4 Rxc4 18. b3 Nc5 19. Qe3 Rb4 20. dxc5 Bxa1 21. Bd2 Nd5 0-1